00903 2200313 4500001002100000005001500021035002000036007000300056008004100059040001200100100001700112245009600129250001000225300005100235020002200286041000800308082001000316084001600326090001600342260003600358600003300394700002700427850001000454990002500464990002500489990002500514990002500539990002500564INLIS00000000000241020260602100919 a0010-0220000261ta260602 0  aSBPUPAD0 aKari Kuntari1 aSweety Olala :bKreasi Boneka Cute dari Mancanegara /cKari Kuntari, Editor: Berliyandi T.R aCet.1 a70 hlm. :bilus. ;c21 cmeBibliografi, hlm 71 a978-602-1656-10-50 aInd a746.4 a746.4 KAR s a746.4 KAR s aSurabaya :bTiara Aksara,c2014 4aMenggambar dan Seni Dekorasi0 aEditor: Berliyandi T.R aPUPAD a30.954/APBD/DPK/2019 a30.956/APBD/DPK/2019 a30.956/APBD-DPK/2019 a30.054/APBD-DPK/2019 a30.953/APBD/DPK/2019